Famous Catchphrases Quiz Stats

 Plays Quiz Updated May 21, 2018

Challenge
Share
Tweet
Embed
Score 0/24 Timer 05:00
3 Plays Today
Show/Character Catchphrase % Correct
'The Apprentice'You're fired!
87.2%
Tony the TigerThey're grrrreat!
79.8%
Bugs BunnyWhat's up, Doc?
78%
Buzz LightyearTo infinity and beyond!
74.7%
Fred FlintstoneYabba dabba doo!
72.5%
'Who Wants To Be a Millionaire?'Is that your final answer?
71%
The Soup NaziNo soup for you!
68.9%
Porky PigTh-th-th-that's all folks!
67.7%
Fat AlbertHey! Hey! Hey!
63.1%
Bart SimpsonAy caramba!
56.7%
'The Price Is Right'Come on down!
54.4%
Michael ScottThat's what she said!
53.1%
Show/Character Catchphrase % Correct
Joey TribbianiHow you doin'?
50.3%
'Hawaii Five-O'Book 'em, Danno!
47.3%
SpockLive long and prosper.
44.7%
Charlie BrownGood grief!
39.4%
Ron BurgundyYou stay classy, San Diego
38.1%
Jan BradyMarcia! Marcia! Marcia!
37.9%
'Survivor'The tribe has spoken.
33.2%
Ed McMahonHere's Johnny!
32.8%
Edward R. MurrowGood night and good luck.
26.3%
'Lost in Space'Danger, Will Robinson!
22.1%
Mighty MouseHere I come to save the day!
20%
'The Daily Show' signoffHere it is, your moment of Zen!
17.1%

You're not logged in!

Compare scores with friends on all Sporcle quizzes.
Join for Free
OR
Log In

You Might Also Like...

Show Comments

Extras

Top Quizzes Today


Score Distribution

Your Account Isn't Verified!

In order to create a playlist on Sporcle, you need to verify the email address you used during registration. Go to your Sporcle Settings to finish the process.

Report this User

Report this user for behavior that violates our Community Guidelines.

Details: